| 000 | 02152nam0a2200397 4500 | ||
|---|---|---|---|
| 001 | RU\NLR\bibl\952610 | ||
| 005 | 20250614201636.0 | ||
| 010 |
_a5-9515-0069-9 _9300 |
||
| 021 |
_aRU _b2006-18364 _9916 |
||
| 035 | _a(nilc)RSL-KNO-002865790 | ||
| 035 | _a(NLR Aleph) 000940701 | ||
| 090 |
_a217972 _c217972 |
||
| 100 | _a20060418d2006 |||y0rusy50 ca | ||
| 101 | 0 | _arus | |
| 102 | _aRU | ||
| 105 | _aa ||||||||| | ||
| 106 | _ar | ||
| 200 | 1 |
_aИсследования гидродинамических неустойчивостей в лабораторных экспериментах _fЕ.Е. Мешков _gпод ред. д.ф.-м.н. А.В. Певницкого |
|
| 210 |
_aСаров _cФГУ "РФЯЦ-ВНИИЭФ" _d2006 _eСаров (Нижегор. обл.) _gИПК РФЯЦ-ВНИИЭФ |
||
| 215 |
_a138 с. _cил. _d24 |
||
| 313 | _aНеустойчивости Рэлея-Тэйлора и Рихтмайера-Мешкова | ||
| 320 | _aБиблиогр.: с. 126-138 | ||
| 606 | 1 |
_aРэлея-Тейлора неустойчивость _xЭкспериментальные исследования _92285337 _3RU\NLR\auth\661368978 |
|
| 606 | 1 |
_aРихтмайера-Мешкова неустойчивость _xЭкспериментальные исследования _92428034 _3RU\NLR\auth\661445434 |
|
| 610 | 0 | _aФизико-математические науки -- Механика -- Механика сплошных сред -- Гидро- и аэромеханика -- Гидро- и аэродинамика -- Гидродинамика -- Устойчивость движения жидкости -- Методика и техника гидродинамического эксперимента | |
| 686 |
_aВ253.321с,0 _2rubbk |
||
| 686 | _aВ253.321с | ||
| 686 | _aВ253.333.8с | ||
| 700 | 1 |
_4070 _7ca _8rus _aМешков _bЕ. Е. _f1937- _gЕвгений Евграфович _9169221 _3RU\NLR\AUTH\770169271 |
|
| 801 | 0 |
_aRU _bРКП _c20060418 _grcr |
|
| 801 | 1 |
_aRU _bРГБ _c20060418 |
|
| 801 | 2 |
_aRU _bNLR _c20060523 _grcr |
|
| 942 | _cBOOK | ||
| 980 | _aNB | ||